[Event "Vojvodina-chT"]
[Site "Kac"]
[Date "2014.11.09"]
[Round "3.1"]
[White "Stupavski, Zdenko"]
[Black "Nagy, Attila"]
[Result "1-0"]
[WhiteElo "2413"]
[BlackElo "2221"]
[PlyCount "47"]
[EventDate "2014.11.08"]
[EventType "team-tourn"]
[EventRounds "11"]
[EventCountry "SRB"]
[SourceTitle "EXT 2017"]
[Source "ChessBase"]
[SourceDate "2016.10.25"]
[SourceVersion "1"]
[SourceVersionDate "2016.10.25"]
[SourceQuality "1"]

1. c4 c5 2. g3 Nf6 3. Bg2 d5 4. cxd5 Nxd5 5. Nc3 Nc7 6. Nf3 Nc6 7. 0-0 e5 8. Ne1 Bd7 9. Nd3 f6 10. b3 Be7 11. f4 exf4 12. Nxf4 0-0 13. Bb2 Rb8 14. e3 Ne5 15. d4 Bg4 16. Qd2 cxd4 17. exd4 Bb4 18. h3 Bf5 19. Rad1 Nc6 20. d5 Ne5 21. a3 Bc5+ 22. Kh1 Kh8 23. g4 Bd7 24. Ne4 1-0

[Event "SRB-chT2 Vojvodina League"]
[Site "Kac"]
[Date "2012.10.19"]
[Round "8"]
[White "Stupavski, Zdenko"]
[Black "Galyas, Miklos"]
[Result "1/2-1/2"]
[WhiteElo "2407"]
[BlackElo "2423"]
[PlyCount "27"]
[EventDate "2012.10.14"]
[EventType "team-swiss"]
[EventRounds "11"]
[EventCountry "SRB"]
[SourceTitle "EXT 2015"]
[Source "ChessBase"]
[SourceDate "2014.11.20"]
[SourceVersion "1"]
[SourceVersionDate "2014.11.20"]
[SourceQuality "1"]

1. c4 c5 2. g3 g6 3. Bg2 Bg7 4. Nc3 Nc6 5. a3 d6 6. Rb1 a5 7. d3 e5 8. Nf3 Nge7 9. Nd2 Be6 10. Nd5 0-0 11. Nxe7+ Qxe7 12. Ne4 Rab8 13. Nc3 Qd7 14. 0-0 1/2-1/2

[Event "SRB-chT2 Vojvodina League"]
[Site "Kac"]
[Date "2012.10.14"]
[Round "1"]
[White "Popov, Stevan"]
[Black "Stupavski, Zdenko"]
[Result "0-1"]
[WhiteElo "2204"]
[BlackElo "2407"]
[PlyCount "136"]
[EventDate "2012.10.14"]
[EventType "team-swiss"]
[EventRounds "11"]
[EventCountry "SRB"]
[SourceTitle "EXT 2015"]
[Source "ChessBase"]
[SourceDate "2014.11.20"]
[SourceVersion "1"]
[SourceVersionDate "2014.11.20"]
[SourceQuality "1"]

1. e4 c5 2. Nf3 g6 3. d4 Bg7 4. dxc5 Qa5+ 5. Bd2 Qxc5 6. Bc3 Nf6 7. Bd3 d6 8. 0-0 Nc6 9. Nbd2 0-0 10. Nb3 Qb6 11. Qd2 Bg4 12. Nfd4 e5 13. Nxc6 bxc6 14. Rfe1 Rfe8 15. h3 Be6 16. Ba5 Qb7 17. c4 Nh5 18. Bf1 Bf8 19. Rad1 f6 20. g3 Qf7 21. Qd3 f5 22. Nd2 Nf6 23. b3 Rac8 24. Bg2 Nd7 25. Bb4 c5 26. Ba5 f4 27. Nf3 h6 28. Kh2 Be7 29. Rg1 g5 30. Bd2 Kh8 31. Rh1 Rg8 32. Kg1 Nf8 33. Nh2 h5 34. g4 Rg7 35. f3 Nd7 36. Rf1 Nb8 37. Bc3 Nc6 38. Kf2 Rh7 39. Ke2 Bf8 40. Kd1 Qb7 41. Ke2 Rb8 42. Rb1 Be7 43. Qd2 Qa6 44. Ra1 Bd8 45. Rhd1 Nd4+ 46. Bxd4 exd4 47. Kd3 Ba5 48. Qc2 Bc3 49. Rab1 d5 50. exd5 Bf7 51. Ke2 Bg6 52. Qc1 Qxa2+ 53. Kf1 Re7 54. Ra1 Bxa1 55. Qxa1 Qxa1 56. Rxa1 Rxb3 57. gxh5 Bxh5 58. Ng4 Bxg4 59. fxg4 f3 60. Bh1 Ree3 61. d6 Rb8 62. d7 Rd8 63. Rxa7 d3 64. Kf2 d2 65. Ra1 Re2+ 66. Kf1 Rxd7 67. Bxf3 Rh2 68. Kg1 Rxh3 0-1

[Event "Bosnjaci op 13th"]
[Site "Bosnjaci"]
[Date "2008.01.06"]
[Round "5"]
[White "Drmic, Tomislav"]
[Black "Stupavski, Zdenko"]
[Result "1/2-1/2"]
[WhiteElo "2240"]
[BlackElo "2413"]
[PlyCount "47"]
[EventDate "2008.01.03"]
[EventType "swiss"]
[EventRounds "9"]
[EventCountry "CRO"]
[SourceTitle "CBM 122 Extra"]
[Source "ChessBase"]
[SourceDate "2008.03.04"]
[SourceVersion "1"]
[SourceVersionDate "2008.03.04"]
[SourceQuality "1"]

1. d4 Nf6 2. g3 g6 3. Bg2 Bg7 4. e4 d6 5. Ne2 0-0 6. 0-0 Nbd7 7. h3 c5 8. c3 Rb8 9. Be3 cxd4 10. cxd4 b5 11. g4 Nb6 12. b3 Bb7 13. Nd2 e5 14. Rc1 Re8 15. Qc2 Nfd7 16. Qb2 d5 17. Ng3 exd4 18. Bxd4 Ne5 19. Rcd1 Nd3 20. Qa1 Bxd4 21. Qxd4 Nf4 22. e5 Ne6 23. Qb2 Nf4 24. Qd4 1/2-1/2

[Event "Bosnjaci op 13th"]
[Site "Bosnjaci"]
[Date "2008.01.04"]
[Round "2"]
[White "Stupavski, Zdenko"]
[Black "Grguric, Zeljko"]
[Result "1-0"]
[WhiteElo "2413"]
[BlackElo "2192"]
[PlyCount "53"]
[EventDate "2008.01.03"]
[EventType "swiss"]
[EventRounds "9"]
[EventCountry "CRO"]
[SourceTitle "CBM 122 Extra"]
[Source "ChessBase"]
[SourceDate "2008.03.04"]
[SourceVersion "1"]
[SourceVersionDate "2008.03.04"]
[SourceQuality "1"]

1. e4 e6 2. d4 d5 3. Nc3 dxe4 4. Nxe4 Nd7 5. g3 Ngf6 6. Nxf6+ Qxf6 7. Nf3 h6 8. Bg2 c5 9. 0-0 g5 10. dxc5 Nxc5 11. Be3 Rg8 12. Bd4 Qf5 13. Re1 f6 14. Ne5 g4 15. b4 Na6 16. b5 Nc5 17. Qd2 Qh7 18. Nc4 Qe7 19. Rad1 Rg5 20. Be3 Rh5 21. Qb4 Qc7 22. b6 axb6 23. Nxb6 Rxa2 24. Qxg4 Rg5 25. Bxg5 fxg5 26. Qh5+ Ke7 27. Nd5+ 1-0

[Event "Zadar op 14th"]
[Site "Zadar"]
[Date "2007.12.21"]
[Round "8"]
[White "Yordanov, Nikolay"]
[Black "Stupavski, Zdenko"]
[Result "1-0"]
[WhiteElo "2257"]
[BlackElo "2392"]
[PlyCount "79"]
[EventDate "2007.12.16"]
[EventType "swiss"]
[EventRounds "9"]
[EventCountry "CRO"]
[SourceTitle "CBM 121 Extra"]
[Source "ChessBase"]
[SourceDate "2008.01.10"]
[SourceVersion "1"]
[SourceVersionDate "2008.01.10"]
[SourceQuality "1"]

1. e4 c5 2. Nf3 d6 3. d4 cxd4 4. Nxd4 Nf6 5. Nc3 g6 6. Be3 Bg7 7. f3 Nc6 8. Qd2 0-0 9. Bc4 Bd7 10. 0-0-0 Rc8 11. Bb3 Ne5 12. Kb1 Re8 13. h4 h5 14. Bh6 Nc4 15. Bxc4 Rxc4 16. Bxg7 Kxg7 17. Nd5 e5 18. Nxf6 Qxf6 19. Nb3 Re6 20. Qa5 a6 21. Qb6 d5 22. Qxb7 Bc6 23. Qxa6 Ra4 24. Qe2 dxe4 25. Nc5 exf3 26. gxf3 Rf4 27. Nxe6+ Qxe6 28. Rhf1 Qf5 29. Rde1 f6 30. b3 Bxf3 31. Qe3 Bg2 32. Qa7+ Kh6 33. Qb8 Kg7 34. Qc7+ Kh6 35. Qd8 Kg7 36. Qe7+ Kh6 37. Qf8+ Kh7 38. Rxf4 Qxf4 39. Rd1 Bh3 40. Rd8 1-0

[Event "Zadar op 14th"]
[Site "Zadar"]
[Date "2007.12.20"]
[Round "7"]
[White "Stupavski, Zdenko"]
[Black "Badev, Kiril"]
[Result "1/2-1/2"]
[WhiteElo "2392"]
[BlackElo "2302"]
[PlyCount "83"]
[EventDate "2007.12.16"]
[EventType "swiss"]
[EventRounds "9"]
[EventCountry "CRO"]
[SourceTitle "CBM 121 Extra"]
[Source "ChessBase"]
[SourceDate "2008.01.10"]
[SourceVersion "1"]
[SourceVersionDate "2008.01.10"]
[SourceQuality "1"]

1. e4 c5 2. Nf3 d6 3. d4 cxd4 4. Nxd4 Nf6 5. Nc3 g6 6. Be3 a6 7. Be2 Nbd7 8. 0-0 b5 9. a4 b4 10. Nc6 Qc7 11. Nxb4 e6 12. Nd3 Bb7 13. f3 h5 14. a5 h4 15. Nf2 Rh5 16. Na4 Rxa5 17. b4 Rh5 18. c4 a5 19. b5 Nc5 20. Nxc5 Rxc5 21. Nd3 Rxc4 22. b6 Qc8 23. Nb2 Rc3 24. Bd4 Nh5 25. Na4 Rc2 26. Bd3 Rc6 27. Bb5 Bh6 28. Qb3 Kf8 29. Bxc6 Qxc6 30. Qc3 Rc8 31. Qxc6 Rxc6 32. Bf2 Nf4 33. Ra2 h3 34. gxh3 Nxh3+ 35. Kh1 f5 36. Bg3 fxe4 37. f4 Rc2 38. Rxc2 e3+ 39. Rg2 Bxf4 40. Bxf4 Nf2+ 41. Kg1 Nh3+ 42. Kh1 1/2-1/2

[Event "Zadar op 14th"]
[Site "Zadar"]
[Date "2007.12.19"]
[Round "5"]
[White "Stupavski, Zdenko"]
[Black "Ljubicic, Filip"]
[Result "0-1"]
[WhiteElo "2392"]
[BlackElo "2480"]
[PlyCount "80"]
[EventDate "2007.12.16"]
[EventType "swiss"]
[EventRounds "9"]
[EventCountry "CRO"]
[SourceTitle "CBM 121 Extra"]
[Source "ChessBase"]
[SourceDate "2008.01.10"]
[SourceVersion "1"]
[SourceVersionDate "2008.01.10"]
[SourceQuality "1"]

1. Nf3 Nf6 2. g3 g6 3. b3 Bg7 4. Bb2 0-0 5. Bg2 d5 6. c4 c6 7. 0-0 Bf5 8. d3 Qc8 9. cxd5 cxd5 10. Nbd2 Nc6 11. Nd4 Bh3 12. Rc1 Bxg2 13. Kxg2 Nd7 14. Nxc6 bxc6 15. Bxg7 Kxg7 16. Qc2 c5 17. b4 d4 18. bxc5 Qc6+ 19. Kg1 e5 20. f4 Rac8 21. fxe5 Qd5 22. Nb3 Nxe5 23. Rf4 Nc6 24. Qb2 Rb8 25. Qa1 Rfd8 26. e3 Ne5 27. Nxd4 Kg8 28. Rc3 Rdc8 29. Nb3 Nf3+ 30. Kf2 Nxh2 31. Qd1 h5 32. e4 Qd7 33. d4 a5 34. d5 a4 35. Nd4 Rb2+ 36. Rc2 a3 37. c6 Qd6 38. Qd3 Ng4+ 39. Kg2 Rcb8 40. Nb3 Rxc2+ 0-1

[Event "Zadar op 14th"]
[Site "Zadar"]
[Date "2007.12.17"]
[Round "3"]
[White "Stupavski, Zdenko"]
[Black "Cebalo, Miso"]
[Result "0-1"]
[WhiteElo "2392"]
[BlackElo "2550"]
[PlyCount "72"]
[EventDate "2007.12.16"]
[EventType "swiss"]
[EventRounds "9"]
[EventCountry "CRO"]
[SourceTitle "CBM 121 Extra"]
[Source "ChessBase"]
[SourceDate "2008.01.10"]
[SourceVersion "1"]
[SourceVersionDate "2008.01.10"]
[SourceQuality "1"]

1. e4 c5 2. Nf3 d6 3. d4 cxd4 4. Nxd4 Nf6 5. Nc3 g6 6. g3 Nc6 7. Nde2 Bg7 8. Bg2 0-0 9. 0-0 Rb8 10. a4 a6 11. h3 b5 12. axb5 axb5 13. Be3 b4 14. Nd5 Nd7 15. Qc1 e6 16. Ndf4 Na5 17. Nd3 Ba6 18. Ra4 Nc5 19. Bxc5 dxc5 20. Qa1 Bxd3 21. cxd3 Nb3 22. Qd1 c4 23. dxc4 Nd2 24. Re1 Nxc4 25. Qxd8 Rfxd8 26. b3 Nd2 27. Nc1 Bc3 28. Rd1 Rd4 29. Na2 e5 30. Kh2 Kg7 31. Nc1 Rbd8 32. Na2 Rb8 33. f4 Nxb3 34. Rb1 Nd2 35. Rc1 b3 36. Nxc3 b2 0-1

[Event "Novi Sad Vujovic Memorial"]
[Site "Novi Sad"]
[Date "2007.09.23"]
[Round "1"]
[White "Bulajic, Svetlana"]
[Black "Stupavski, Zdenko"]
[Result "0-1"]
[WhiteElo "1964"]
[BlackElo "2378"]
[PlyCount "34"]
[EventDate "2007.09.26"]
[EventType "swiss"]
[EventRounds "9"]
[EventCountry "YUG"]
[SourceTitle "EXT 2008"]
[Source "ChessBase"]
[SourceDate "2007.11.25"]
[SourceVersion "1"]
[SourceVersionDate "2007.11.25"]
[SourceQuality "1"]

1. e4 c5 2. Nf3 Nc6 3. b4 cxb4 4. a3 bxa3 5. Bxa3 Nf6 6. Bd3 d6 7. 0-0 Bg4 8. h3 Bxf3 9. Qxf3 g6 10. Bb2 Bg7 11. e5 dxe5 12. Re1 0-0 13. Nc3 a6 14. Ne2 e4 15. Bxe4 Nxe4 16. Bxg7 Kxg7 17. Qxe4 Qxd2 0-1

[Event "SRB-chT 1st"]
[Site "Zlatibor"]
[Date "2007.09.01"]
[Round "11"]
[White "Nadj Hedjesi, Balind"]
[Black "Stupavski, Zdenko"]
[Result "0-1"]
[WhiteElo "2371"]
[BlackElo "2378"]
[PlyCount "68"]
[EventDate "2007.08.21"]
[EventType "team-tourn"]
[EventRounds "11"]
[EventCountry "YUG"]
[SourceTitle "CBM 120 Extra"]
[Source "ChessBase"]
[SourceDate "2007.11.01"]
[SourceVersion "1"]
[SourceVersionDate "2007.11.01"]
[SourceQuality "1"]

1. e4 c5 2. Nf3 d6 3. Bb5+ Nd7 4. d4 Ngf6 5. Nc3 a6 6. Bxd7+ Nxd7 7. 0-0 cxd4 8. Qxd4 e6 9. Bg5 Qc7 10. Rad1 f6 11. Bc1 Ne5 12. Nh4 g5 13. f4 gxf4 14. Bxf4 Bd7 15. Na4 Bc6 16. Nb6 Rd8 17. Kh1 Rg8 18. Bxe5 dxe5 19. Qc4 Kf7 20. Nd5 exd5 21. exd5 b5 22. Qb3 Bd7 23. Qf3 Qd6 24. Qh5+ Kg7 25. Rd3 Kh8 26. Rg3 Rxg3 27. hxg3 Kg8 28. g4 Bg7 29. g5 fxg5 30. Qf7+ Kh8 31. Nf3 Rf8 32. Nxg5 Qh6+ 33. Kg1 Qxg5 34. Qxd7 Qe3+ 0-1

[Event "Plovdiv Tringov Memorial"]
[Site "Plovdiv"]
[Date "2007.02.09"]
[Round "7.12"]
[White "Galunov, Todor"]
[Black "Stupavski, Zdenko"]
[Result "1/2-1/2"]
[WhiteElo "2335"]
[BlackElo "2391"]
[PlyCount "106"]
[EventDate "2007.02.05"]
[EventType "swiss"]
[EventRounds "9"]
[EventCountry "BUL"]
[SourceTitle "CBM 116 Extra"]
[Source "ChessBase"]
[SourceDate "2007.03.07"]
[SourceVersion "1"]
[SourceVersionDate "2007.03.07"]
[SourceQuality "1"]

1. Nf3 Nf6 2. g3 g6 3. Bg2 Bg7 4. c4 0-0 5. 0-0 d6 6. Nc3 e5 7. d3 Nc6 8. Rb1 a5 9. a3 h6 10. b4 axb4 11. axb4 Be6 12. Nd2 d5 13. b5 Ne7 14. Qb3 e4 15. dxe4 dxc4 16. Qb4 Ng4 17. h3 c5 18. bxc6 Nxc6 19. Qxb7 Bxc3 20. Qxc6 Ne5 21. Qc5 Bd4 22. Qb4 Qc7 23. e3 Nd3 24. Qb7 Qxb7 25. Rxb7 Bc3 26. Nb1 Be1 27. f4 Rab8 28. Rxb8 Rxb8 29. Na3 c3 30. e5 Bxg3 31. Nc2 Rb1 32. Ba3 Bf2+ 33. Kh2 Rxf1 34. Bxf1 Ne1 35. Nxe1 Bxe1 36. Bd3 Bd2 37. Bb4 Bxe3 38. Bxc3 Bxf4+ 39. Kg2 Bd5+ 40. Kf2 Kf8 41. Bb5 Ke7 42. Ba6 g5 43. Bd4 h5 44. Be2 g4 45. hxg4 h4 46. Bf3 Bxf3 47. Kxf3 h3 48. Bc3 Ke6 49. Bb2 Kd5 50. Bc3 Kc4 51. Bb2 Kd3 52. Ba1 Kd2 53. Kf2 Kd3 1/2-1/2

[Event "Plovdiv Tringov Memorial"]
[Site "Plovdiv"]
[Date "2007.02.05"]
[Round "1"]
[White "Stoyanov, Stoyan"]
[Black "Stupavski, Zdenko"]
[Result "1/2-1/2"]
[WhiteElo "2185"]
[BlackElo "2391"]
[PlyCount "45"]
[EventDate "2007.02.05"]
[EventType "swiss"]
[EventRounds "9"]
[EventCountry "BUL"]
[SourceTitle "CBM 116 Extra"]
[Source "ChessBase"]
[SourceDate "2007.03.07"]
[SourceVersion "1"]
[SourceVersionDate "2007.03.07"]
[SourceQuality "1"]

1. d4 Nf6 2. c4 g6 3. Nc3 Bg7 4. e4 d6 5. Be2 0-0 6. f4 c5 7. d5 e6 8. Nf3 exd5 9. exd5 Re8 10. 0-0 Bf5 11. Bd3 Qd7 12. Qc2 Na6 13. a3 Nc7 14. Bd2 b5 15. b3 bxc4 16. bxc4 Bxd3 17. Qxd3 Qf5 18. Qxf5 gxf5 19. Rae1 Ne4 20. Nxe4 Rxe4 21. Ba5 Ne8 22. Nd2 Rd4 23. Rf3 1/2-1/2

[Event "Vojvodina-chT"]
[Site "Sremska Mitrovica"]
[Date "2006.09.26"]
[Round "7"]
[White "Stupavski, Zdenko"]
[Black "Gavric, Zivojin"]
[Result "1/2-1/2"]
[WhiteElo "2405"]
[BlackElo "2129"]
[PlyCount "102"]
[EventDate "2006.09.22"]
[EventType "team"]
[EventRounds "9"]
[EventCountry "YUG"]
[SourceTitle "CBM 114 Extra"]
[Source "ChessBase"]
[SourceDate "2006.11.03"]
[SourceVersion "1"]
[SourceVersionDate "2006.11.03"]
[SourceQuality "1"]

1. e4 c6 2. d4 d5 3. exd5 cxd5 4. Bd3 Nc6 5. c3 g6 6. Bf4 Bg7 7. Nf3 Nf6 8. Nbd2 0-0 9. 0-0 Bf5 10. Bxf5 gxf5 11. Ne5 Rc8 12. Nd3 e6 13. f3 Nh5 14. Be3 Qc7 15. g4 f4 16. Bf2 Nf6 17. Kh1 Nd7 18. Nb3 f6 19. Qd2 e5 20. Rg1 h6 21. dxe5 fxe5 22. g5 h5 23. Ndc5 Ne7 24. Ne6 Qc6 25. Nxf8 Rxf8 26. Rad1 b6 27. g6 Nf6 28. Bh4 Rd8 29. Bxf6 Qxf6 30. Qg2 Bh6 31. Qh3 Kg7 32. Nd2 b5 33. Ne4 Qf5 34. Qxf5 Nxf5 35. Ng5 Bxg5 36. Rxg5 Kf6 37. Rxh5 Kxg6 38. Rh3 a5 39. Kg1 Ne3 40. Rd2 b4 41. Kf2 bxc3 42. bxc3 Rb8 43. Rg3+ Kf6 44. Rg1 Rh8 45. Ke1 Rd8 46. Ke2 Rh8 47. Kd3 Kf5 48. Rf2 Rc8 49. h4 e4+ 50. Ke2 Ke5 51. Rg5+ Nf5 1/2-1/2

[Event "Vojvodina-chT"]
[Site "Sremska Mitrovica"]
[Date "2006.09.23"]
[Round "3"]
[White "Petijevic, Vaso"]
[Black "Stupavski, Zdenko"]
[Result "1/2-1/2"]
[WhiteElo "2289"]
[BlackElo "2405"]
[PlyCount "50"]
[EventDate "2006.09.22"]
[EventType "team"]
[EventRounds "9"]
[EventCountry "YUG"]
[SourceTitle "CBM 114 Extra"]
[Source "ChessBase"]
[SourceDate "2006.11.03"]
[SourceVersion "1"]
[SourceVersionDate "2006.11.03"]
[SourceQuality "1"]

1. e4 c5 2. Nf3 d6 3. Bb5+ Bd7 4. Bxd7+ Qxd7 5. c4 Nc6 6. d4 cxd4 7. Nxd4 Nf6 8. Nc3 g6 9. f3 Bg7 10. Be3 0-0 11. 0-0 a6 12. Qd2 Nxd4 13. Bxd4 b5 14. Nd5 Nxd5 15. Bxg7 Kxg7 16. cxd5 Rfc8 17. Rfc1 f6 18. Qd4 Rxc1+ 19. Rxc1 Rc8 20. Rc3 Kf7 21. h3 g5 22. Kh2 Rc7 23. Ra3 Qc8 24. Qb6 Rc2 25. Qxa6 Qxa6 1/2-1/2

[Event "Serbia-ch"]
[Site "Vrnjacka Banja"]
[Date "2006.01.31"]
[Round "3"]
[White "Lapcevic, Milos"]
[Black "Stupavski, Zdenko"]
[Result "0-1"]
[WhiteElo "2282"]
[BlackElo "2409"]
[PlyCount "96"]
[EventDate "2006.01.30"]
[EventType "swiss"]
[EventRounds "9"]
[EventCountry "YUG"]
[SourceTitle "CBM 110 Extra"]
[Source "ChessBase"]
[SourceDate "2006.03.10"]
[SourceVersion "2"]
[SourceVersionDate "2006.03.10"]
[SourceQuality "1"]

1. d4 Nf6 2. c4 g6 3. Nc3 Bg7 4. e4 d6 5. f3 0-0 6. Bg5 c5 7. d5 e6 8. Qd2 exd5 9. cxd5 h6 10. Be3 Re8 11. Nge2 Nbd7 12. Nc1 Ne5 13. Be2 Nh7 14. 0-0 h5 15. Rb1 Bd7 16. b4 c4 17. a4 f5 18. N1a2 Nf6 19. h3 fxe4 20. fxe4 a6 21. a5 Qe7 22. Rbe1 Rac8 23. Nc1 Nh7 24. Bd1 Nd3 25. Nxd3 cxd3 26. Na4 Bb5 27. Bf4 Bd4+ 28. Kh1 Nf6 29. e5 dxe5 30. Nb6 Rcd8 31. Bb3 Kh7 32. Bg5 e4 33. Be3 Bxe3 34. Rxe3 Rf8 35. Rfe1 Qd6 36. Qc3 h4 37. Kg1 Rde8 38. Qc5 Qf4 39. d6 Re5 40. Qd4 Rf5 41. Rxe4 d2 42. Re7+ Kh6 43. Qxf4+ Rxf4 44. Rd1 Ne4 45. Bc4 Bxc4 46. Nxc4 Rf1+ 47. Kh2 Rxd1 48. Rxe4 Rh1+ 0-1

[Event "Serbia-ch"]
[Site "Vrnjacka Banja"]
[Date "2006.01.31"]
[Round "2"]
[White "Stupavski, Zdenko"]
[Black "Pantic, Ivica"]
[Result "1-0"]
[WhiteElo "2409"]
[BlackElo "2201"]
[PlyCount "82"]
[EventDate "2006.01.30"]
[EventType "swiss"]
[EventRounds "9"]
[EventCountry "YUG"]
[SourceTitle "CBM 110 Extra"]
[Source "ChessBase"]
[SourceDate "2006.03.10"]
[SourceVersion "2"]
[SourceVersionDate "2006.03.10"]
[SourceQuality "1"]

1. e4 c5 2. Nf3 e6 3. d4 cxd4 4. Nxd4 a6 5. Nc3 Qc7 6. g3 h5 7. h3 Bb4 8. Nde2 Nf6 9. Bf4 Qc4 10. Qd3 Qxe4 11. Qxe4 Nxe4 12. Bg2 Nxc3 13. Nxc3 d5 14. 0-0-0 Bxc3 15. bxc3 b5 16. Rhe1 0-0 17. Bf3 g6 18. g4 h4 19. Bh6 Rd8 20. Bg5 Rd6 21. Bxh4 Bb7 22. Bg3 Rd7 23. Be5 Nc6 24. Bf6 Rc8 25. h4 b4 26. h5 bxc3 27. hxg6 fxg6 28. g5 Kf7 29. Bg4 Rd6 30. Rh1 Rb8 31. Rh7+ Ke8 32. Rdh1 Bc8 33. Rh8+ Kd7 34. R1h7+ Ne7 35. Bxe7 Kc6 36. Bxd6 Kxd6 37. Rd8+ Ke5 38. Rc7 Rb4 39. Rdxc8 Rxg4 40. Rxc3 d4 41. R3c5+ Kf4 1-0

[Event "Budapest FS11 IM-A"]
[Site "Budapest"]
[Date "2005.11.11"]
[Round "7"]
[White "Lengyel, Bela"]
[Black "Stupavski, Zdenko"]
[Result "0-1"]
[WhiteElo "2276"]
[BlackElo "2359"]
[PlyCount "93"]
[EventDate "2005.11.05"]
[EventType "tourn"]
[EventRounds "10"]
[EventCountry "HUN"]
[EventCategory "2"]
[SourceTitle "EXT 2006"]
[Source "ChessBase"]
[SourceDate "2005.11.24"]
[SourceVersion "1"]
[SourceVersionDate "2005.11.24"]
[SourceQuality "1"]

1. e4 c5 2. Nf3 d6 3. d4 cxd4 4. Nxd4 Nf6 5. Nc3 g6 6. Be2 Bg7 7. 0-0 Nc6 8. Nb3 0-0 9. Bg5 a6 10. f4 b5 11. Bf3 Bb7 12. Kh1 Nd7 13. Nd5 h6 14. Bh4 Bxb2 15. Rb1 Bg7 16. e5 dxe5 17. Nxe7+ Nxe7 18. Bxb7 Ra7 19. Na5 Qxa5 20. Bxe7 Rxb7 21. Bxf8 Nxf8 22. Qf3 Rd7 23. f5 gxf5 24. Qxf5 Qxa2 25. Rb3 Re7 26. h4 e4 27. Qc5 Re6 28. Qc7 Rf6 29. Rc1 Qa4 30. Re3 Qd4 31. Rce1 Re6 32. Qf4 Qe5 33. Qxe5 Rxe5 34. Rxe4 Rxe4 35. Rxe4 Bc3 36. Rg4+ Kh8 37. Rg3 b4 38. Rf3 f6 39. Re3 Be5 40. Rd3 Ne6 41. g4 a5 42. Rd5 a4 43. Ra5 a3 44. Kg2 Nd4 45. g5 hxg5 46. hxg5 Nxc2 47. gxf6 0-1

[Event "Budapest FS11 IM-A"]
[Site "Budapest"]
[Date "2005.11.08"]
[Round "4"]
[White "Farago, Sandor"]
[Black "Stupavski, Zdenko"]
[Result "0-1"]
[WhiteElo "2271"]
[BlackElo "2359"]
[PlyCount "124"]
[EventDate "2005.11.05"]
[EventType "tourn"]
[EventRounds "10"]
[EventCountry "HUN"]
[EventCategory "2"]
[SourceTitle "EXT 2006"]
[Source "ChessBase"]
[SourceDate "2005.11.24"]
[SourceVersion "1"]
[SourceVersionDate "2005.11.24"]
[SourceQuality "1"]

1. d4 Nf6 2. c4 g6 3. Nc3 Bg7 4. e4 d6 5. Bg5 h6 6. Be3 Ng4 7. Bc1 e5 8. d5 f5 9. h4 Nf6 10. Bd3 0-0 11. Nge2 Na6 12. Ng3 Nc5 13. Bc2 fxe4 14. Ncxe4 Ncxe4 15. Nxe4 Bf5 16. Ng3 e4 17. Nxf5 gxf5 18. Rh3 Ng4 19. Kf1 Qd7 20. Rb1 Be5 21. f4 exf3 22. Qxf3 Rae8 23. Bd2 Qg7 24. Re1 f4 25. Bd3 Ne3+ 26. Kg1 Bxb2 27. Kh1 Bd4 28. h5 Qg5 29. Bg6 Re5 30. g3 fxg3 31. Qxg3 Qxg3 32. Rxg3 Nf1 33. Bf7+ Kxf7 34. Rxf1+ Ke8 35. Rxf8+ Kxf8 36. Bxh6+ Kf7 37. Rg7+ Kf6 38. Rg6+ Kf5 39. Bg7 Re1+ 40. Kh2 Be3 41. a4 a6 42. Bf8 Bf4+ 43. Kg2 Re2+ 44. Kf1 Rh2 45. Rg7 Rh1+ 46. Ke2 Ke4 47. Re7+ Be5 48. h6 Rh2+ 49. Kf1 Kf3 50. Ke1 Bf4 51. Kd1 Rd2+ 52. Ke1 Rd4 53. Rf7 Rxc4 54. Rxf4+ Rxf4 55. Bg7 Rh4 56. Kd2 Ke4 57. Ke2 Kxd5 58. Kf3 Ke6 59. Kg3 Rh1 60. Kg4 Rg1+ 61. Kh5 Kf5 62. Kh4 Kg6 0-1

[Event "Budapest FS11 IM-A"]
[Site "Budapest"]
[Date "2005.11.07"]
[Round "3"]
[White "Brustkern, Juergen"]
[Black "Stupavski, Zdenko"]
[Result "0-1"]
[WhiteElo "2236"]
[BlackElo "2359"]
[PlyCount "84"]
[EventDate "2005.11.05"]
[EventType "tourn"]
[EventRounds "10"]
[EventCountry "HUN"]
[EventCategory "2"]
[SourceTitle "EXT 2006"]
[Source "ChessBase"]
[SourceDate "2005.11.24"]
[SourceVersion "1"]
[SourceVersionDate "2005.11.24"]
[SourceQuality "1"]

1. d4 Nf6 2. Bg5 d5 3. Nc3 c6 4. Qd2 Bf5 5. f3 Nbd7 6. 0-0-0 h6 7. Bxf6 Nxf6 8. g4 Bh7 9. h4 e6 10. e3 Nd7 11. Bd3 Bxd3 12. cxd3 Be7 13. f4 Bxh4 14. g5 hxg5 15. fxg5 Qxg5 16. Nf3 Qe7 17. Qh2 g5 18. Kb1 Nf8 19. e4 Ng6 20. exd5 exd5 21. Qh3 Qe6 22. Nxg5 Qxh3 23. Nxh3 Bf6 24. Rde1+ Kf8 25. Rhf1 Kg7 26. Nf4 Nxf4 27. Rxf4 Bg5 28. Rg4 Kg6 29. Re7 Kf5 30. Rxg5+ Kxg5 31. Rxf7 b5 32. Rd7 Rh6 33. a3 Kf4 34. Kc2 a5 35. Ne2+ Kf3 36. Kd2 Rf8 37. Re7 Rff6 38. Re3+ Kf2 39. Nc3 Re6 40. Re5 Kf3 41. Rf5+ Kg4 42. Rf2 Rhf6 0-1